=LDR 00000nam 2200000 4500 =001 INLIS000000000019934 =005 20130612114937 =008 ***********************************Ind** =035 ##$$0010-061300000019934 =041 ##$$a Ind =082 ##$$a 525 =090 ##$$a 525, Wie s =100 ##$$a Wiese, Jun =245 ##$$a Sains kosmis, lebih dari 40 kegiatan menentang gravitasi, mengorbit bumi menjelajah ruang angkasa untuk anak-anak, Jun Wiese ; alih bahasa, Yuanim Angraeni =260 ##$$a 2005 $b Jakarta =300 ##$$a viii, 120 hlm, ilus, 24 cm =650 ##$$a Bumi =850 ##$$a NBPNMAT =990 ##$$a 0001/BPAP-NTB/20142015 =990 ##$$a 00320032 =990 ##$$a 20614752 =990 ##$$a 0001/BPAP-NTB/20142015